000 00326nam a22001457a 4500
999 _c9186
_d9186
003 OSt
008 201119b ||||| |||| 00| 0 eng d
100 _aVasisht, S.L.
245 _aOganic Chemistry
250 _a9th Ed
260 _aNew Delhi
_bR Chand
_c2020
300 _a269
650 _aB.Sc Non Medical
942 _2ddc
_cBK